000 00521nam a2200193Ia 4500
005 20250923144255.0
008 008 250917s9999 xx 000 0 eng d
037 _aTextual
040 _aDSWL
_beng
_cDSWL
041 _aeng
_2eng
084 _qDSWL
245 0 _aReport of the Kanpur textile mills rationalisation enquary committee 1955-56
260 _aUttar Pradesh
_bGovt of Uttar Pradesh
_c1956
300 _a512 p.
365 _aINR
_b8.5
925 _g8.5
942 _cTEXL
999 _c1436885
_d1436885